BIOLOGICAL FEEDBACK (Record no. 23300)
[ view plain ]
| 000 -LEADER | |
|---|---|
| fixed length control field | 00160nam a22000857a 4500 |
| 003 - CONTROL NUMBER IDENTIFIER | |
| control field | Nust |
| 005 - DATE AND TIME OF LATEST TRANSACTION | |
| control field | 20170314134235.0 |
| 008 - FIXED-LENGTH DATA ELEMENTS--GENERAL INFORMATION | |
| fixed length control field | 170314b xxu||||| |||| 00| 0 eng d |
| 010 ## - LIBRARY OF CONGRESS CONTROL NUMBER | |
| LC control number | 8923874 |
| 020 ## - INTERNATIONAL STANDARD BOOK NUMBER | |
| International Standard Book Number | 0849367662 |
| 040 ## - CATALOGING SOURCE | |
| Original cataloging agency | DLC |
| Language of cataloging | DLC |
| Transcribing agency | RCMS |
| 082 ## - DEWEY DECIMAL CLASSIFICATION NUMBER | |
| Classification number | 574.1THO |
| 100 ## - MAIN ENTRY--PERSONAL NAME | |
| Personal name | RENE THOMAS |
| 245 ## - TITLE STATEMENT | |
| Title | BIOLOGICAL FEEDBACK |
| 260 ## - PUBLICATION, DISTRIBUTION, ETC. | |
| Place of publication, distribution, etc. | USA |
| Name of publisher, distributor, etc. | CRC Press |
| Date of publication, distribution, etc. | c1990 |
| 300 ## - PHYSICAL DESCRIPTION | |
| Extent | xiii,316,p: |
| Other physical details | ill: |
| Dimensions | 26,cm. |
| 650 ## - SUBJECT ADDED ENTRY--TOPICAL TERM | |
| Topical term or geographic name entry element | Biological Control Systems |
| 856 ## - ELECTRONIC LOCATION AND ACCESS | |
| Materials specified | Table of Content Only |
| 942 ## - ADDED ENTRY ELEMENTS (KOHA) | |
| Koha item type | Book |
| Source of classification or shelving scheme | |
| Withdrawn status | Lost status | Damaged status | Not for loan | Permanent Location | Current Location | Date acquired | Total Checkouts | Full call number | Barcode | Date last seen | Price effective from | Koha item type | Date last checked out |
|---|---|---|---|---|---|---|---|---|---|---|---|---|---|
| NUST Baluchistan Campus (NBC) | NUST Baluchistan Campus (NBC) | 03/07/2013 | 1 | 574.1THO | RCMS001829 | 09/05/2014 | 03/07/2013 | Book | 09/05/2014 | ||||
| NUST Baluchistan Campus (NBC) | NUST Baluchistan Campus (NBC) | 03/07/2013 | 574.1THO | RCMS001830 | 03/07/2013 | 03/07/2013 | Book | ||||||
| NUST Baluchistan Campus (NBC) | NUST Baluchistan Campus (NBC) | 03/07/2013 | 1 | 574.1THO | RCMS001831 | 09/05/2014 | 03/07/2013 | Book | 09/05/2014 | ||||
| School of Interdisciplinary Engineering and Sciences (SINES) | School of Interdisciplinary Engineering and Sciences (SINES) | 03/07/2013 | 574.1THO | RCMS001688 | 03/07/2013 | 03/07/2013 | Book | ||||||
| School of Interdisciplinary Engineering and Sciences (SINES) | School of Interdisciplinary Engineering and Sciences (SINES) | 03/07/2013 | 2 | 574.1THO | RCMS001689 | 09/08/2015 | 03/07/2013 | Book | 09/05/2014 | ||||
| School of Interdisciplinary Engineering and Sciences (SINES) | School of Interdisciplinary Engineering and Sciences (SINES) | 03/07/2013 | 1 | 574.1THO | RCMS001690 | 07/21/2016 | 03/07/2013 | Book | 07/12/2016 | ||||
| School of Interdisciplinary Engineering and Sciences (SINES) | School of Interdisciplinary Engineering and Sciences (SINES) | 03/07/2013 | 574.1THO | RCMS001691 | 03/07/2013 | 03/07/2013 | Book | ||||||
| School of Interdisciplinary Engineering and Sciences (SINES) | School of Interdisciplinary Engineering and Sciences (SINES) | 03/07/2013 | 1 | 574.1THO | RCMS001692 | 09/04/2014 | 03/07/2013 | Book | 09/04/2014 |
